Kačestvennyj analiz procesov upravlenija /

Enregistré dans:
Détails bibliographiques
Auteur principal: Zubov, I.V (Auteur)
Format: Livre
Langue:russe
Publié: Leningrad : Izd. Leningradskogo Universiteta, 1987
Édition:1.vyd.
Tags: Ajouter un tag
Pas de tags, Soyez le premier à ajouter un tag!

MARC

LEADER 00000nam a22000003a 4500
001 stu5989
005 20150617225808.2
008 940525s1987----xxr-----------------rus-d
040 |a STU  |b slo 
041 0 |a rus 
044 |a xxr 
080 |a 681.51.03 
080 |a 517.93 
100 1 |a Zubov, I.V  |4 aut 
245 1 |a Kačestvennyj analiz procesov upravlenija /  |c [aut.] Zubov,I.V 
250 |a 1.vyd. 
260 |a Leningrad :  |b Izd. Leningradskogo Universiteta,  |c 1987 
300 |a 186 s 
996 |b E66317  |c E*66317  |l EE03  |s P  |a 0  |w stu5989_0002